| 000 | 00988nam a22003737a 4500 | ||
|---|---|---|---|
| 001 | BR2023002276 | ||
| 003 | BR-BrBNA | ||
| 005 | 20231221152023.0 | ||
| 008 | 231221b bl.||||| |||| 00| 0 por d | ||
| 040 |
_aBR-BrBNA _bpor |
||
| 041 | _apor | ||
| 072 |
_aL70 ; D50 _b5100 |
||
| 090 | _a5100 BR2023002276 | ||
| 100 | _aMotta, Antônio Carlos | ||
| 110 | 1 |
_96897 _aMinistério da Agricultura, Pecuária e Abastecimento, Brasília, DF (Brasil) |
|
| 245 | _aFiscalização de entidades turfísticas | ||
| 260 |
_aBrasília, DF (Brasil) _c2010 |
||
| 300 | _a79 p. | ||
| 500 | _a15 tables | ||
| 650 | _aINSPEÇÃO VETERINÁRIA | ||
| 650 | _aEQUINOCULTURA | ||
| 650 | _aEQUINO | ||
| 650 | _aHIPISMO | ||
| 650 | _aCAVALO | ||
| 650 | _aCRIAÇÃO | ||
| 650 | _aRAÇA | ||
| 650 | _aPURO SANGUE INGLÊS | ||
| 650 | _aCADEIA PRODUTIVA | ||
| 650 | _aEXPORTAÇÃO | ||
| 650 | _aIMPORTAÇÃO | ||
| 650 | _aLEGISLAÇÃO | ||
| 909 |
_a202312 _bFernando |
||
| 942 | _cBK | ||
| 999 |
_c260151 _d260151 |
||